| 000 | 00359nam a22001217a 4500 | ||
|---|---|---|---|
| 082 |
_a297 _bGUM _cM |
||
| 100 |
_aGumtalvi, Mulana Mufti Syed abdul karim _951116 |
||
| 245 | _aبارہ مہینوں کے فضائل واحکام | ||
| 260 |
_aLahore, _bMaktab ul asim, _c2008. |
||
| 300 | _a208p. | ||
| 526 |
_a0 _b0 _c0 _d297_000000000000000_GUM |
||
| 942 |
_2ddc _cBK |
||
| 999 |
_c553868 _d553868 |
||